LEADER 01016nam a2200217 i 4500 001 000000168175 003 CaOOAMICUS 005 20080214000000.0 008 080214s1930 it u000 u ita u 013 $a145577 040 $aSeMil$bita 100 1 $aPariani, Luigi,$c.$0(OLS)http://semarc/name/63160 245 10$aIn memoria di mons. cav. prof. Emilio Galli :$babbiategrasso, 12 novembre 1930 /$c[parole del sac. prof. dott. Luigi Pariani e del conte avv. comm. Mario Longoni]. 260 $a[S.l. :$bs.n.],$c1930. 300 $a[14] p. ;$c31 cm. 650 4$aGalli, Emilio - Necrologie.$0(OLS)http://semarc/subject/32049 700 1 $aLongoni, Mario.$0(OLS)http://semarc/name/63161 850 $aSeMil 852 $aSeMil$W1$xVenegono$y1$m5A X 5/31$j119264$B119264$CSeMilBibl$Z2$F131582 $81 996 $6245$aIn memoria di mons. cav. prof. Emilio Galli :$babbiategrasso, 12 novembre 1930$9(OLS)http://semarc/title/240593 996 $6260$a[S.l. :$bs.n.]$9(OLS)http://semarc/publisher/29751 LEADER 01141nam a2200205 i 4500 001 000000005409 003 CaOOAMICUS 005 20180830125437.0 008 180830s1716 it u000 u ita u 040 $aSeMil$bita 245 10$aDella Cassandra portata dal francese dal sig. co. Maiolino Bisaccioni. Gentil'huomo ordinario della camera del re christianissimo, e suo cavalliere. Parte 1. [-5.]. 260 $aIn Venetia :$bAppresso Gio: Battista Tramontin,$c1716. 300 $a5 v. ;$c12°. 500 $aPosseduto solo il vol. 3. 700 1 $aBisaccioni, Maiolino <1582-1663>.$0(OLS)http://semarc/name/3076 700 1 $aLa Calprenède, Gautier : de Costes .$0(OLS)http://semarc/name/89279 700 1 $aTramontin, Giovanni Battista,$c.$0(OLS)http://semarc/name/3078 774 0 $tParte 1.$g3$w()158596 996 $6245$aDella Cassandra portata dal francese dal sig. co. Maiolino Bisaccioni. Gentil'huomo ordinario della camera del re christianissimo, e suo cavalliere. Parte 1. [-5.]$9(OLS)http://semarc/title/7590 996 $6260$aIn Venetia :$bAppresso Gio: Battista Tramontin$9(OLS)http://semarc/publisher/31499